000 00582nam a2200229Ia 4500
003 OSt
005 20220928102343.0
006 a|||||r|||| 00| 0
007 ta
008 220927b |||||||| |||| 00| 0 eng d
024 _a34046
037 _cTextual
040 _aSDCL
_cSDCL
_beng
041 _2eng
_aeng
082 _aT:3(V), L4
100 _aMays Pamela
_9397903
245 0 _aWhy teach history?
260 _aLondon
_bUniversity of London Press
_c1974
300 _a156p
_ccm.
942 _hT:3(V), L4
_cTEXL
_2CC
999 _c713725
_d713725